000 00415nam a2200181Ia 4500
001 2688
005 20260306144825.0
008 260306t2013||||xx |||||||||||||| ||spa||
041 _aESP
082 _a211
_bO689
100 _aOtzoy, Antonio
_eAUT
245 0 _aEscuchando a Dios desde las culturas indígenas
260 _c2013
300 _a
_c
650 _aGEN
654 _aCHU
942 _cLIB
_dJUS
_fJUS
_2ddc
_n
999 _c2688
_d2688